[Event "DFMMLV 2019"]
[Site "Braunfels"]
[Date "2019.06.21"]
[Round "2.49"]
[White "Krasnopeyeva, Julia"]
[Black "Brandt, Carina"]
[Result "1-0"]
[WhiteElo "1922"]
[BlackElo "2085"]
[Annotator "NA RC"]
[PlyCount "89"]
[EventDate "2019.06.20"]
[EventType "team-tourn"]
[EventCountry "GER"]
[SourceTitle "playchess.com"]
[Source "ChessBase"]
[SourceQuality "1"]
[WhiteTeam "Rheinland Pfalz"]
[BlackTeam "Hamburg"]
[TimeControl "40/5400+30:1800+30"]

1. e4 {[%emt 0:00:00]} e6 {[%emt 0:00:00]} 2. d4 {[%emt 0:00:00]} d5 {[%emt 0:00:00]} 3. Nc3 {[%emt 0:00:00]} Bb4 {[%emt 0:00:00]} 4. e5 {[%emt 0:00:00]} c5 {[%emt 0:00:00]} 5. a3 {[%emt 0:00:00]} Bxc3+ {[%emt 0:00:00]} 6. bxc3 {[%emt 0:00:04]} Ne7 {[%emt 0:00:04]} 7. Nf3 {[%emt 0:00:13]} Qa5 {[%emt 0:00:06]} 8. Bd2 {[%emt 0:00:57]} Qa4 {[%emt 0:00:06]} 9. Qb1 {[%emt 0:02:41]} c4 {[%emt 0:00:19]} 10. Be2 {[%emt 0:02:13]} Nbc6 {[%emt 0:00:14]} 11. h4 {[%emt 0:00:28]} Bd7 {[%emt 0:00:30]} 12. h5 {[%emt 0:00:42]} h6 {[%emt 0:00:08]} 13. O-O {[%emt 0:01:18]} O-O-O {[%emt 0:00:08]} 14. Bf4 {[%emt 0:01:55]} Rdg8 {[%emt 0:01:42]} 15. Re1 {[%emt 0:02:19]} Kb8 {[%emt 0:01:51]} 16. Nh2 {[%emt 0:01:25]} Ka8 {[%emt 0:02:04]} 17. Bg4 {[%emt 0:03:01]} Bc8 {[%emt 0:02:16]} 18. Nf1 {[%emt 0:01:56]} Qa5 {[%emt 0:05:42]} 19. Qb2 {[%emt 0:01:52]} Qc7 {[%emt 0:00:56]} 20. Bh2 {[%emt 0:02:18]} Qd8 {[%emt 0:03:47]} 21. Ne3 {[%emt 0:01:38]} f5 {[%emt 0:06:29]} 22. exf6 {[%emt 0:00:47]} gxf6 {[%emt 0:00:08]} 23. Rab1 {[%emt 0:01:53]} b6 {[%emt 0:14:41]} 24. Bf3 {[%emt 0:09:32]} Qf8 {[%emt 0:14:17]} 25. Qb5 {[%emt 0:01:03]} Bb7 {[%emt 0:00:48]} 26. Qa4 {[%emt 0:02:03]} Na5 {[%emt 0:03:22]} 27. Qd7 e5 {[%emt 0:16:36]} 28. Nxd5 {[%emt 0:10:40]} Nxd5 {[%emt 0:05:10]} 29. Bxd5 {[%emt 0:00:12]} Rg7 {[%emt 0:00:50]} 30. Bxb7+ {[%emt 0:01:18]} Nxb7 {[%emt 0:00:02]} 31. Qd5 {[%emt 0:01:10]} exd4 {[%emt 0:03:13]} 32. cxd4 {[%emt 0:00:30]} Rhg8 {[%emt 0:01:07]} 33. Bg3 {[%emt 0:03:45]} f5 {[%emt 0:07:03]} 34. Re3 {[%emt 0:04:21]} Rg5 {[%emt 0:05:18]} 35. Rf3 {[%emt 0:06:38]} Qc8 {[%emt 0:00:41]} 36. Rf4 {[%emt 0:01:35]} Rd8 {[%emt 0:02:05]} 37. Qf3 {[%emt 0:00:54]} Rdg8 {[%emt 0:00:54]} 38. Rb5 {[%emt 0:02:56]} Re8 {[%emt 0:04:17]} 39. Rbxf5 {[%emt 0:02:46]} Rxf5 {[%emt 0:01:22]} 40. Rxf5 {[%emt 0:00:10]} Qe6 {[%emt 0:00:19]} 41. Rf7 {[%emt 0:35:07]} Re7 {[%emt 0:30:06]} 42. Rf6 {[%emt 0:03:49]} Qe1+ {[%emt 0:00:46]} 43. Kh2 {[%emt 0:00:10]} a5 {[%emt 0:00:17]} 44. Rxb6 {[%emt 0:01:21]} Ka7 {[%emt 0:00:08]} 45. Qc6 {[%emt 0:01:33]} 1-0

[Event "DFMMLV 2019"]
[Site "Braunfels"]
[Date "2019.06.21"]
[Round "2.50"]
[White "Wulf, Constanze"]
[Black "Braje, Monika"]
[Result "0-1"]
[WhiteElo "1711"]
[BlackElo "1781"]
[Annotator "NA RC"]
[PlyCount "128"]
[EventDate "2019.06.20"]
[EventType "team-tourn"]
[EventCountry "GER"]
[SourceTitle "playchess.com"]
[Source "ChessBase"]
[SourceQuality "1"]
[WhiteTeam "Hamburg"]
[BlackTeam "Rheinland Pfalz"]
[TimeControl "40/5400+30:1800+30"]

1. e4 {[%emt 0:00:00]} d5 {[%emt 0:00:00]} 2. d3 {[%emt 0:00:00]} dxe4 {[%emt 0:00:51]} 3. dxe4 {[%emt 0:00:00]} Qxd1+ {[%emt 0:01:01]} 4. Kxd1 {[%emt 0:00:00]} Nf6 {[%emt 0:01:20]} 5. f3 {[%emt 0:00:06]} Nc6 {[%emt 0:01:43]} 6. c3 {[%emt 0:00:15]} Bd7 {[%emt 0:00:09]} 7. Be3 {[%emt 0:00:41]} O-O-O {[%emt 0:00:19]} 8. Nd2 {[%emt 0:00:41]} a6 {[%emt 0:00:35]} 9. Kc2 {[%emt 0:08:12]} Ne5 {[%emt 0:05:08]} 10. Ne2 {[%emt 0:17:27]} Ba4+ {[%emt 0:04:05]} 11. b3 {[%emt 0:05:30]} Bc6 {[%emt 0:02:35]} 12. Nd4 {[%emt 0:03:18]} Be8 {[%emt 0:01:53]} 13. g4 {[%emt 0:16:39]} h6 {[%emt 0:04:30]} 14. h4 {[%emt 0:04:52]} Kb8 {[%emt 0:06:14]} 15. Nc4 {[%emt 0:04:07]} Ned7 {[%emt 0:02:32]} 16. Bf4 {[%emt 0:05:24]} e6 {[%emt 0:05:36]} 17. b4 {[%emt 0:05:19]} b5 {[%emt 0:06:37]} 18. Nc6+ {[%emt 0:02:02]} Kc8 {[%emt 0:01:26]} 19. Ne3 {[%emt 0:03:14]} Nb6 {[%emt 0:00:49]} 20. Nxd8 {[%emt 0:00:08]} Kxd8 {[%emt 0:00:08]} 21. Rd1+ {[%emt 0:03:36]} Kc8 {[%emt 0:00:10]} 22. Be2 {[%emt 0:02:11]} Nfd7 {[%emt 0:00:48]} 23. a3 {[%emt 0:01:35]} Nb8 {[%emt 0:03:45]} 24. Rd2 {[%emt 0:03:03]} Be7 {[%emt 0:05:40]} 25. c4 {[%emt 0:01:08]} bxc4 {[%emt 0:00:58]} 26. Nxc4 {[%emt 0:01:14]} Ba4+ {[%emt 0:01:21]} 27. Kb2 {[%emt 0:02:28]} Bf6+ {[%emt 0:01:37]} 28. Kb1 {[%emt 0:00:25]} N6d7 {[%emt 0:00:53]} 29. Rc1 {[%emt 0:01:23]} Kd8 {[%emt 0:12:04]} 30. Na5 {[%emt 0:01:44]} e5 {[%emt 0:00:39]} 31. Be3 {[%emt 0:00:25]} Bxh4 {[%emt 0:04:42]} 32. Nb7+ {[%emt 0:00:18]} Ke7 {[%emt 0:01:23]} 33. Bd1 {[%emt 0:02:49]} Bxd1 {[%emt 0:04:27]} 34. Rdxd1 {[%emt 0:00:25]} c6 {[%emt 0:05:18]} 35. Rc2 {[%emt 0:02:27]} Bg5 {[%emt 0:03:41]} 36. Bf2 {[%emt 0:02:34]} h5 {[%emt 0:01:35]} 37. Rh1 {[%emt 0:00:21]} h4 {[%emt 0:00:23]} 38. Nc5 {[%emt 0:01:36]} Nf8 {[%emt 0:05:01]} 39. Nd3 {[%emt 0:00:47]} Ng6 {[%emt 0:00:01]} 40. Rc5 {[%emt 0:00:27]} f6 {[%emt 0:01:58]} 41. Ne1 {[%emt 0:13:18]} Rd8 {[%emt 0:04:56]} 42. Ng2 {[%emt 0:02:14]} Rh8 {[%emt 0:02:23]} 43. Rc2 {[%emt 0:00:24]} h3 {[%emt 0:04:33]} 44. Ne3 {[%emt 0:01:30]} Bf4 {[%emt 0:00:47]} 45. Nf5+ {[%emt 0:00:18]} Kf7 {[%emt 0:00:40]} 46. Be3 {[%emt 0:01:33]} Bxe3 {[%emt 0:02:03]} 47. Nxe3 {[%emt 0:00:04]} Nf4 {[%emt 0:00:06]} 48. Nd1 {[%emt 0:00:16]} Rd8 {[%emt 0:02:33]} 49. Nf2 {[%emt 0:00:34]} Rh8 {[%emt 0:02:43]} 50. Rh2 {[%emt 0:00:08]} Ke7 {[%emt 0:05:29]} 51. Rc1 {[%emt 0:00:25]} Ne2 {[%emt 0:03:19]} 52. Rch1 {[%emt 0:00:24]} Rd8 {[%emt 0:00:46]} 53. Rxh3 {[%emt 0:02:27]} Rd2 {[%emt 0:00:19]} 54. Nd1 {[%emt 0:00:43]} Rd3 {[%emt 0:01:53]} 55. Kb2 {[%emt 0:00:30]} Nd4 {[%emt 0:01:14]} 56. Nc3 {[%emt 0:04:22]} Rd2+ {[%emt 0:01:01]} 57. Kb1 {[%emt 0:00:50]} Nd7 {[%emt 0:01:51]} 58. Rd1 {[%emt 0:02:26]} Rf2 {[%emt 0:00:35]} 59. Rd3 {[%emt 0:01:48]} Nb6 {[%emt 0:01:05]} 60. Rg3 {[%emt 0:00:57]} Nc4 {[%emt 0:01:27]} 61. a4 {[%emt 0:01:11]} Rb2+ {[%emt 0:02:55]} 62. Kc1 {[%emt 0:00:05]} Rc2+ {[%emt 0:00:18]} 63. Kb1 {[%emt 0:00:25]} Na3+ {[%emt 0:01:26]} 64. Ka1 {[%emt 0:00:07]} Nb3# {[%emt 0:00:04]} 0-1

[Event "DFMMLV 2019"]
[Site "Braunfels"]
[Date "2019.06.21"]
[Round "2.52"]
[White "Neumann, Ramona"]
[Black "Kalina, Lena"]
[Result "0-1"]
[WhiteElo "1709"]
[BlackElo "1687"]
[Annotator "NA RC"]
[PlyCount "56"]
[EventDate "2019.06.20"]
[EventType "team-tourn"]
[EventCountry "GER"]
[SourceTitle "playchess.com"]
[Source "ChessBase"]
[SourceQuality "1"]
[WhiteTeam "Hamburg"]
[BlackTeam "Rheinland Pfalz"]
[TimeControl "40/5400+30:1800+30"]

1. e4 {[%emt 0:00:00]} c5 {[%emt 0:00:00]} 2. Nf3 {[%emt 0:00:00]} Nc6 {[%emt 0:00:14]} 3. d4 {[%emt 0:00:00]} cxd4 {[%emt 0:00:04]} 4. Nxd4 {[%emt 0:00:00]} g6 {[%emt 0:00:04]} 5. Nc3 {[%emt 0:01:38]} Bg7 {[%emt 0:00:29]} 6. Be3 {[%emt 0:01:00]} Nf6 {[%emt 0:01:06]} 7. f3 {[%emt 0:00:23]} O-O {[%emt 0:03:23]} 8. Qd2 {[%emt 0:00:12]} d5 {[%emt 0:05:50]} 9. exd5 {[%emt 0:05:26]} Nb4 {[%emt 0:07:57]} 10. Be2 {[%emt 0:09:15]} Nfxd5 {[%emt 0:05:27]} 11. Nxd5 {[%emt 0:02:43]} Nxd5 {[%emt 0:01:23]} 12. Bf2 {[%emt 0:02:04]} e5 {[%emt 0:07:23]} 13. Nb3 {[%emt 0:09:32]} Nf4 {[%emt 0:02:56]} 14. Bf1 {[%emt 0:03:33]} b6 {[%emt 0:08:24]} 15. g3 {[%emt 0:09:51]} Ne6 {[%emt 0:02:40]} 16. Be2 {[%emt 0:11:30]} Bb7 {[%emt 0:02:53]} 17. O-O {[%emt 0:09:17]} e4 {[%emt 0:04:30]} 18. fxe4 {[%emt 0:02:07]} Bxb2 {[%emt 0:02:00]} 19. Rab1 {[%emt 0:02:24]} Qxd2 {[%emt 0:02:04]} 20. Nxd2 {[%emt 0:00:27]} Bc3 {[%emt 0:01:13]} 21. Rbd1 {[%emt 0:05:49]} Rad8 {[%emt 0:04:22]} 22. Nb1 {[%emt 0:01:02]} Bg7 {[%emt 0:02:00]} 23. Bd3 {[%emt 0:03:40]} Ng5 {[%emt 0:05:13]} 24. Nd2 {[%emt 0:05:08]} f5 {[%emt 0:02:58]} 25. Rfe1 {[%emt 0:07:41]} fxe4 {[%emt 0:01:44]} 26. Bc4+ {[%emt 0:01:39]} Kh8 {[%emt 0:01:55]} 27. Be3 {[%emt 0:02:01]} Rxd2 {[%emt 0:05:12]} 28. Bxg5 {[%emt 0:00:56]} Bd4+ {[%emt 0:01:10]} 0-1

[Event "DFMMLV 2019"]
[Site "Braunfels"]
[Date "2019.06.21"]
[Round "2.53"]
[White "Marx, Christina"]
[Black "Hoefner, Nina"]
[Result "0-1"]
[WhiteElo "1605"]
[BlackElo "1557"]
[Annotator "NA RC"]
[PlyCount "72"]
[EventDate "2019.06.20"]
[EventType "team-tourn"]
[EventCountry "GER"]
[SourceTitle "playchess.com"]
[Source "ChessBase"]
[SourceQuality "1"]
[WhiteTeam "Rheinland Pfalz"]
[BlackTeam "Hamburg"]
[TimeControl "40/5400+30:1800+30"]

1. e4 {[%emt 0:00:00]} c5 {[%emt 0:00:00]} 2. Nf3 {[%emt 0:00:00]} d6 {[%emt 0:00:00]} 3. d4 {[%emt 0:03:03]} cxd4 {[%emt 0:00:00]} 4. Nxd4 {[%emt 0:00:07]} Nf6 {[%emt 0:00:32]} 5. Nc3 {[%emt 0:00:41]} g6 {[%emt 0:00:19]} 6. Bg5 {[%emt 0:04:28]} Bg7 {[%emt 0:00:18]} 7. Qd2 {[%emt 0:03:24]} O-O {[%emt 0:00:49]} 8. O-O-O {[%emt 0:01:37]} Nc6 {[%emt 0:00:17]} 9. f4 {[%emt 0:07:00]} Nxe4 {[%emt 0:04:05]} 10. Nxc6 {[%emt 0:05:32]} bxc6 {[%emt 0:31:41]} 11. Nxe4 {[%emt 0:01:38]} Rb8 {[%emt 0:08:11]} 12. b3 {[%emt 0:05:20]} d5 {[%emt 0:04:12]} 13. Nc5 {[%emt 0:01:41]} Qb6 {[%emt 0:02:53]} 14. Qe3 {[%emt 0:04:30]} e6 {[%emt 0:05:20]} 15. c3 {[%emt 0:06:46]} f6 {[%emt 0:03:27]} 16. Bh4 {[%emt 0:00:49]} e5 {[%emt 0:01:29]} 17. fxe5 {[%emt 0:01:18]} fxe5 {[%emt 0:00:19]} 18. Bg3 {[%emt 0:02:16]} Re8 {[%emt 0:08:34]} 19. b4 {[%emt 0:00:48]} Bf5 {[%emt 0:10:03]} 20. Bd3 {[%emt 0:01:30]} Rbd8 {[%emt 0:01:37]} 21. Rhf1 {[%emt 0:02:59]} Bxd3 {[%emt 0:01:34]} 22. Nxd3 {[%emt 0:00:53]} Rb8 {[%emt 0:01:24]} 23. Nc5 {[%emt 0:03:07]} a5 {[%emt 0:01:05]} 24. a3 {[%emt 0:00:07]} axb4 {[%emt 0:01:18]} 25. Rde1 {[%emt 0:00:58]} Ra8 {[%emt 0:01:07]} 26. axb4 {[%emt 0:01:36]} Rad8 {[%emt 0:01:49]} 27. Rd1 {[%emt 0:01:14]} d4 {[%emt 0:04:39]} 28. Qe4 {[%emt 0:05:44]} dxc3 {[%emt 0:01:22]} 29. Qc4+ {[%emt 0:00:06]} Kh8 {[%emt 0:01:13]} 30. Ne6 {[%emt 0:01:56]} Rxe6 {[%emt 0:00:13]} 31. Qe2 {[%emt 0:14:38]} c2 {[%emt 0:02:08]} 32. Kxc2 {[%emt 0:00:30]} Rd7 {[%emt 0:02:29]} 33. Rb1 {[%emt 0:00:00]} e4 {[%emt 0:00:30]} 34. Qxe4 {[%emt 0:00:00]} Bb2 {[%emt 0:00:00]} 35. Rxb2 {[%emt 0:02:31]} Rd2+ {[%emt 0:00:00]} 36. Kc3 {[%emt 0:01:34]} Rd3+ {[%emt 0:00:00]} 0-1

[Event "DFMMLV 2019"]
[Site "Braunfels"]
[Date "2019.06.21"]
[Round "2.54"]
[White "Harder, Daniella"]
[Black "Perovic-Ottstadt, Sanja"]
[Result "1-0"]
[WhiteElo "1630"]
[BlackElo "1593"]
[Annotator "NA RC"]
[PlyCount "99"]
[EventDate "2019.06.20"]
[EventType "team-tourn"]
[EventCountry "GER"]
[SourceTitle "playchess.com"]
[Source "ChessBase"]
[SourceQuality "1"]
[WhiteTeam "Hamburg"]
[BlackTeam "Rheinland Pfalz"]
[TimeControl "40/5400+30:1800+30"]

1. d4 {[%emt 0:00:00]} e6 {[%emt 0:00:00]} 2. Nf3 {[%emt 0:00:00]} d5 {[%emt 0:00:16]} 3. g3 {[%emt 0:00:00]} Nf6 {[%emt 0:00:13]} 4. Bg2 {[%emt 0:00:00]} Be7 {[%emt 0:00:14]} 5. O-O {[%emt 0:00:11]} O-O {[%emt 0:00:09]} 6. Ne5 {[%emt 0:07:44]} Nbd7 {[%emt 0:01:28]} 7. Nd3 {[%emt 0:10:48]} b6 {[%emt 0:02:11]} 8. Nd2 {[%emt 0:00:15]} Bb7 {[%emt 0:00:49]} 9. Nf3 {[%emt 0:05:11]} Rc8 {[%emt 0:01:30]} 10. c3 {[%emt 0:01:50]} c5 {[%emt 0:06:46]} 11. Qa4 {[%emt 0:00:10]} a6 {[%emt 0:02:34]} 12. Nfe5 {[%emt 0:05:13]} b5 {[%emt 0:01:04]} 13. Qd1 {[%emt 0:01:00]} cxd4 {[%emt 0:00:59]} 14. cxd4 {[%emt 0:01:59]} Re8 {[%emt 0:05:11]} 15. Nxd7 {[%emt 0:01:57]} Nxd7 {[%emt 0:00:56]} 16. b4 {[%emt 0:00:05]} a5 {[%emt 0:03:51]} 17. Nc5 {[%emt 0:13:52]} Ba8 {[%emt 0:04:21]} 18. Nxd7 {[%emt 0:00:17]} Qxd7 {[%emt 0:00:20]} 19. bxa5 {[%emt 0:00:04]} Rc4 {[%emt 0:03:30]} 20. e3 {[%emt 0:05:56]} Rec8 {[%emt 0:02:55]} 21. Bd2 {[%emt 0:05:06]} Ba3 {[%emt 0:03:30]} 22. Qb3 {[%emt 0:01:40]} b4 {[%emt 0:02:47]} 23. Bf3 {[%emt 0:13:42]} Qb7 {[%emt 0:03:52]} 24. Rfb1 {[%emt 0:02:40]} Rb8 {[%emt 0:05:00]} 25. Qd1 {[%emt 0:01:14]} Qa7 {[%emt 0:02:30]} 26. Be2 {[%emt 0:00:59]} Rcc8 {[%emt 0:03:50]} 27. a6 {[%emt 0:00:41]} Bc6 {[%emt 0:00:58]} 28. Bc1 {[%emt 0:02:50]} Rb6 {[%emt 0:05:28]} 29. Bxa3 {[%emt 0:00:44]} bxa3 {[%emt 0:00:19]} 30. Rxb6 {[%emt 0:00:46]} Qxb6 {[%emt 0:00:32]} 31. Rb1 {[%emt 0:02:15]} Qa5 {[%emt 0:01:27]} 32. Qb3 {[%emt 0:01:59]} g6 {[%emt 0:00:53]} 33. Qb4 {[%emt 0:03:50]} Qxb4 {[%emt 0:06:56]} 34. Rxb4 {[%emt 0:00:05]} Ra8 {[%emt 0:01:48]} 35. Rb6 {[%emt 0:01:31]} Bd7 {[%emt 0:01:31]} 36. Rb3 {[%emt 0:01:29]} Bc8 {[%emt 0:02:05]} 37. Rxa3 {[%emt 0:00:06]} Kf8 {[%emt 0:00:37]} 38. Kf1 {[%emt 0:00:59]} Ke7 {[%emt 0:00:57]} 39. Ke1 {[%emt 0:01:34]} Kd8 {[%emt 0:02:20]} 40. Kd2 {[%emt 0:02:59]} Kc7 {[%emt 0:01:01]} 41. Rc3+ {[%emt 0:31:31]} Kb6 {[%emt 0:30:38]} 42. Rb3+ {[%emt 0:02:12]} Ka5 {[%emt 0:03:25]} 43. Kc3 {[%emt 0:00:00]} Bxa6 {[%emt 0:00:00]} 44. Ra3+ {[%emt 0:00:00]} Kb6 {[%emt 0:00:00]} 45. Rxa6+ {[%emt 0:00:00]} Rxa6 {[%emt 0:00:00]} 46. Bxa6 {[%emt 0:00:00]} Kxa6 {[%emt 0:00:00]} 47. Kb4 {[%emt 0:00:00]} Kb6 {[%emt 0:00:00]} 48. a3 {[%emt 0:00:00]} Ka6 {[%emt 0:00:00]} 49. Kc5 {[%emt 0:00:00]} Ka5 {[%emt 0:00:00]} 50. Kd6 {[%emt 0:00:00]} 1-0

[Event "DFMMLV 2019"]
[Site "Braunfels"]
[Date "2019.06.21"]
[Round "2.55"]
[White "Marx, Sarah"]
[Black "Reich, Kristina"]
[Result "0-1"]
[WhiteElo "1068"]
[BlackElo "1544"]
[Annotator "NA RC"]
[PlyCount "76"]
[EventDate "2019.06.20"]
[EventType "team-tourn"]
[EventCountry "GER"]
[SourceTitle "playchess.com"]
[Source "ChessBase"]
[SourceQuality "1"]
[WhiteTeam "Rheinland Pfalz"]
[BlackTeam "Hamburg"]
[TimeControl "40/5400+30:1800+30"]

1. e4 c5 2. Nf3 {[%emt 0:00:40]} e6 {[%emt 0:00:10]} 3. d4 {[%emt 0:02:03]} cxd4 {[%emt 0:00:05]} 4. Bf4 {[%emt 0:01:29]} Qa5+ {[%emt 0:14:20]} 5. Qd2 {[%emt 0:03:44]} Bb4 {[%emt 0:01:56]} 6. c3 {[%emt 0:00:11]} dxc3 {[%emt 0:00:44]} 7. bxc3 {[%emt 0:00:15]} Bc5 {[%emt 0:04:40]} 8. Bc4 {[%emt 0:01:50]} Nc6 {[%emt 0:05:44]} 9. O-O {[%emt 0:01:24]} Nge7 {[%emt 0:03:09]} 10. Bd6 {[%emt 0:04:10]} Bb6 {[%emt 0:03:29]} 11. Bb4 Nxb4 {[%emt 0:02:35]} 12. cxb4 {[%emt 0:01:18]} Qh5 {[%emt 0:00:12]} 13. Qd6 {[%emt 0:02:12]} Bd8 {[%emt 0:06:08]} 14. Nc3 {[%emt 0:01:37]} O-O {[%emt 0:03:44]} 15. Ne2 {[%emt 0:01:48]} Ng6 {[%emt 0:04:37]} 16. Ng3 {[%emt 0:01:22]} Qh6 {[%emt 0:02:07]} 17. Qd2 {[%emt 0:02:43]} Qxd2 {[%emt 0:00:37]} 18. Nxd2 {[%emt 0:00:06]} a6 {[%emt 0:01:51]} 19. a4 {[%emt 0:00:11]} b6 {[%emt 0:00:40]} 20. f4 {[%emt 0:00:49]} Nxf4 {[%emt 0:07:07]} 21. Rxf4 {[%emt 0:00:16]} Bg5 {[%emt 0:00:07]} 22. Rf2 {[%emt 0:01:02]} Be3 {[%emt 0:00:02]} 23. Raf1 {[%emt 0:00:40]} Bb7 {[%emt 0:00:34]} 24. Kh1 {[%emt 0:00:16]} Bxf2 {[%emt 0:00:06]} 25. Rxf2 {[%emt 0:00:14]} Rac8 {[%emt 0:00:26]} 26. h3 {[%emt 0:01:15]} Rfd8 {[%emt 0:01:22]} 27. e5 {[%emt 0:02:13]} d6 {[%emt 0:03:02]} 28. exd6 {[%emt 0:00:58]} Rxd6 {[%emt 0:00:11]} 29. Re2 {[%emt 0:01:41]} Kf8 {[%emt 0:02:25]} 30. Bb3 {[%emt 0:01:11]} Rd3 {[%emt 0:01:28]} 31. Kh2 {[%emt 0:01:33]} Rcc3 {[%emt 0:01:55]} 32. Ba2 {[%emt 0:00:31]} Rxg3 {[%emt 0:02:08]} 33. Bb1 {[%emt 0:00:21]} Rge3 {[%emt 0:04:16]} 34. Rf2 {[%emt 0:00:59]} g6 {[%emt 0:01:22]} 35. Nf1 {[%emt 0:01:56]} Re1 {[%emt 0:05:28]} 36. Nd2 {[%emt 0:01:17]} Rcc1 {[%emt 0:01:57]} 37. Bd3 {[%emt 0:01:14]} Rh1+ {[%emt 0:02:07]} 38. Kg3 {[%emt 0:00:06]} Rc3 {[%emt 0:00:49]} 0-1

[Event "DFMMLV 2019"]
[Site "Braunfels"]
[Date "2019.06.21"]
[Round "2.56"]
[White "Hoelzer, Jeanette"]
[Black "Kalina, Mandy"]
[Result "1-0"]
[WhiteElo "1662"]
[BlackElo "1009"]
[Annotator "NA RC"]
[PlyCount "95"]
[EventDate "2019.06.20"]
[EventType "team-tourn"]
[EventCountry "GER"]
[SourceTitle "playchess.com"]
[Source "ChessBase"]
[SourceQuality "1"]
[WhiteTeam "Hamburg"]
[BlackTeam "Rheinland Pfalz"]
[TimeControl "40/5400+30:1800+30"]

1. e4 {[%emt 0:00:00]} e5 {[%emt 0:00:00]} 2. Nf3 {[%emt 0:00:00]} Nc6 {[%emt 0:00:00]} 3. Bc4 {[%emt 0:00:00]} Qe7 {[%emt 0:02:17]} 4. Nc3 {[%emt 0:02:17]} Nf6 {[%emt 0:02:10]} 5. d3 {[%emt 0:01:38]} d6 {[%emt 0:01:42]} 6. Bg5 {[%emt 0:02:47]} Be6 {[%emt 0:05:42]} 7. Nd5 {[%emt 0:05:39]} Bxd5 {[%emt 0:03:30]} 8. Bxd5 {[%emt 0:01:25]} h6 {[%emt 0:09:20]} 9. Bxc6+ {[%emt 0:02:48]} bxc6 {[%emt 0:02:10]} 10. Bxf6 {[%emt 0:06:21]} Qxf6 {[%emt 0:00:25]} 11. c3 {[%emt 0:02:25]} Qe6 {[%emt 0:07:27]} 12. Qa4 {[%emt 0:02:10]} Qd7 {[%emt 0:00:18]} 13. d4 {[%emt 0:13:09]} f6 {[%emt 0:05:24]} 14. Rd1 {[%emt 0:05:29]} c5 {[%emt 0:16:35]} 15. Qxd7+ {[%emt 0:02:15]} Kxd7 {[%emt 0:00:02]} 16. dxe5 {[%emt 0:04:18]} Re8 {[%emt 0:07:36]} 17. O-O {[%emt 0:04:16]} fxe5 {[%emt 0:00:16]} 18. a3 {[%emt 0:07:29]} Re6 {[%emt 0:02:47]} 19. b4 {[%emt 0:02:22]} cxb4 {[%emt 0:01:49]} 20. axb4 {[%emt 0:00:21]} Be7 {[%emt 0:02:23]} 21. Ra1 {[%emt 0:02:13]} Ra8 {[%emt 0:00:15]} 22. Ra2 {[%emt 0:03:01]} c6 {[%emt 0:00:24]} 23. Rfa1 {[%emt 0:01:54]} Rc8 {[%emt 0:02:16]} 24. Rxa7+ {[%emt 0:00:51]} Rc7 {[%emt 0:00:07]} 25. Rxc7+ {[%emt 0:04:08]} Kxc7 {[%emt 0:00:07]} 26. Rd1 {[%emt 0:00:52]} c5 {[%emt 0:03:15]} 27. b5 {[%emt 0:01:33]} c4 {[%emt 0:02:29]} 28. Nd2 {[%emt 0:01:18]} Kb6 {[%emt 0:01:25]} 29. Rb1 {[%emt 0:00:38]} Kc5 {[%emt 0:01:33]} 30. b6 {[%emt 0:02:20]} d5 {[%emt 0:07:05]} 31. b7 {[%emt 0:01:25]} Bd6 {[%emt 0:00:40]} 32. b8=Q {[%emt 0:00:41]} Bxb8 {[%emt 0:00:02]} 33. Rxb8 {[%emt 0:00:25]} Rd6 {[%emt 0:01:30]} 34. f3 {[%emt 0:02:41]} Rb6 {[%emt 0:01:31]} 35. Rxb6 {[%emt 0:02:34]} Kxb6 {[%emt 0:00:06]} 36. exd5 {[%emt 0:01:31]} Kc5 {[%emt 0:00:45]} 37. Ne4+ {[%emt 0:00:38]} Kxd5 {[%emt 0:00:43]} 38. Kf2 {[%emt 0:00:33]} Ke6 {[%emt 0:00:57]} 39. Kg3 {[%emt 0:00:26]} Kf5 {[%emt 0:01:04]} 40. Nd6+ {[%emt 0:00:43]} Ke6 {[%emt 0:01:34]} 41. Nxc4 {[%emt 0:30:21]} Kd5 {[%emt 0:30:23]} 42. Nd2 {[%emt 0:00:35]} g6 {[%emt 0:01:04]} 43. Ne4 {[%emt 0:00:47]} Kc4 {[%emt 0:01:34]} 44. Kg4 {[%emt 0:01:18]} Kd3 {[%emt 0:01:41]} 45. h4 {[%emt 0:00:49]} Ke3 {[%emt 0:02:17]} 46. h5 {[%emt 0:01:37]} gxh5+ {[%emt 0:00:17]} 47. Kxh5 {[%emt 0:00:36]} Kf4 {[%emt 0:00:09]} 48. Kxh6 {[%emt 0:00:45]} 1-0